| 000 | 01028nam a2200289Ia 4500 | ||
|---|---|---|---|
| 001 | C9485 | ||
| 003 | IT-RoPAU | ||
| 008 | 130308s9999 xx 000 0 und d | ||
| 040 | _aIT-RoPAU | ||
| 040 | _cIT-RoPAU | ||
| 041 | _aITALIANO | ||
| 100 | _aMaher Vanessa | ||
| 100 | _gCodice Aut. SPICS: 43029 | ||
| 245 | _aRazza e gruppo etnico: il mito sociale e la relatività dei confini | ||
| 245 | _bQuestioni di Etnicita' | ||
| 250 | _a2a ed. | ||
| 260 | _aTORINO | ||
| 260 | _bRosenberg & Sellier | ||
| 260 | _c1994 [1° Ed.:1989 - Ed.Ling.Originale:1989] | ||
| 300 | _a"18 p. (prefazione: no ; testo: 18 [pagine: 15-32])" | ||
| 500 | _aPopolazioni Genetiche. Colonialismo, razza e Razzismo. Mito Sociale e Percezione. proposte Analitiche Dall'Antropologia Sociale. gruppo Etnico. Etnicità ed Emigrazione. Confini Sociali e passaggio tra gruppi Sociali. Identità Etnica e Pendolare. | ||
| 650 | _aSAGGI DI ANTROPOLOGIA | ||
| 650 | _eCodice materia Spics: 3507 | ||
| 942 | _cBK | ||
| 957 | _71 | ||
| 999 |
_c78902 _d78902 |
||
| 999 | _g1 | ||